Vista normal
Vista MARC
Entrada Materia (tema)
Número de registros utilizados en: 1
001 - CONTROL NUMBER
- control field: 39528
003 - CONTROL NUMBER IDENTIFIER
- control field: Co-BoUCM
005 - DATE AND TIME OF LATEST TRANSACTION
- control field: 20130621111256.0
008 - FIXED-LENGTH DATA ELEMENTS
- fixed length control field: 130621|| aca||aabn | a|a d
040 ## - CATALOGING SOURCE
- Original cataloging agency: Co-BoUCM
- Transcribing agency: Co-BoUCM
150 ## - HEADING--TOPICAL TERM
- Topical term or geographic name as entry element: Empresas internacionales
- General subdivision: Investigaciones
670 ## - SOURCE DATA FOUND
- Source citation: Work cat.: (Co-BoUCM)166663: Piekkari, Rebecca; Welch, Katherine 39527, Rethinking the case study in international business and management research, 2012